Saltar al contenido
VuFind
Lenguaje
English
Español
Todo
Libros
eBooks
Revistas
Tesis
Audiovisual
Búsqueda Combinada
Todos los Campos
Título
Autor
Materia
Número de Clasificación
ISBN/ISSN
Etiqueta
Buscar
Avanzado
Dime de que Colegio estudiaste...
Citar
Describir
Imprimir
Exportar Registro
Exportar a RefWorks
Exportar a EndNoteWeb
Exportar a EndNote
Enlace Permanente
Dime de que Colegio estudiaste y te diré que CI tiene
Existencias
Descripción
Vista preliminar
Ejemplares similares
Vista Equipo
MARC
LEADER
00000 a2200000 4500
040
|a
CL-VaUT
245
|a
Dime de que Colegio estudiaste y te diré que CI tiene
336
|2
rdacontent
|a
text
|b
txt
337
|2
rdamedia
|a
unmediate
|b
n
338
|2
rdacarrier
|a
volume
|b
nc
999
|c
54243
|d
54243
Ejemplares similares
Dime en qué colegio estudiaste y te diré qué Cl tienes : radiografía al desigual acceso al capital cognitivo en Chile
por: Rosas, Ricardo
Publicado: (2013)
Dime dónde estudias y te diré qué comes : oferta y publicidad en tiendas escolares de Bogotá /
por: Rozo Ángel, Valentina
Publicado: (2019)
Dime de qué letra eres y te diré quién eres : estudio de prácticas institucionales que promueveb experiencias de segregación escolar /
por: Aguilera Morales, Claudia Angélica
Publicado: (2005)
Dime cómo evalúas y te diré qué tipo de profesional y de persona eres
por: Santos Guerra, Miguel Angel
Dime qué /
por: Leo García, David, 1988-
Publicado: (2018)